|
|
|
|
| LEADER |
00000nam a22000007i 4500 |
| 001 |
IT\ICCU\UBO\4030057 |
| 003 |
ItRI |
| 005 |
20260115232020.0 |
| 008 |
130903s2011 gw |||||| ||||| |||||c |
| 020 |
|
|
|a 9783832795313
|
| 040 |
|
|
|b ita
|c importazione bologna sebina
|
| 041 |
|
7 |
|a eng
|2 ISO-639-2
|
| 100 |
1 |
|
|a Ibidapo, Toyin
|0 IT\ICCU\UBOV\359708
|
| 245 |
1 |
0 |
|a Cult of boys /
|c Toyin Ibidapo.
|
| 260 |
|
|
|a Kempen :
|b teNeues,
|c 2011
|
| 300 |
|
|
|a 1 v. :
|b in gran parte ill. ;
|c 29 cm
|
| 500 |
|
|
|a Senza paginazione.
|
| 942 |
|
|
|2 ddc
|c BK
|n 0
|
| 952 |
|
|
|0 0
|1 0
|4 0
|6 DOC_770_920000000000000_IBI
|7 0
|9 18933
|a BO
|b BO
|d 2026-01-15
|i 17127
|l 0
|o DOC 770.92 IBI
|p BO17127
|r 2026-01-15 23:20:20
|w 2026-01-15
|x [Sebina 7] [1 v.]
|y BK
|z 1 v.
|
| 999 |
|
|
|c 16089
|d 16089
|